Guess the Movie by Opposite Title - Statistics

General Stats
  • This quiz has been taken 91 times
  • The average score is 12 of 24
Answer Stats
Name Answer % Correct
Illegally Brunette Legally Blonde
80%
The Bad, the Good, and the Beautiful The Good, The Bad, and The Ugly
80%
W M
79%
Screaming of the Goats Silence of The Lambs
75%
A Devilmother The Godfather
71%
He's the Girl Shes the man
60%
All Noisy on The Eastern Back All Quiet on The Western Front
59%
European Ugliness American Beauty
57%
Kids Grown Ups
57%
The Guitarist The Pianist
55%
A Fire Girl The Waterboy
55%
Land's 22 Ocean's 11
52%
Bottom Knife Top Gun
52%
6 Happy Women 12 Angry Men
51%
Nice Boys Mean Girls
51%
Sit Away From Me Stand by Me
41%
Adults of the Hay Children of the Corn
37%
His Boy My Girl
37%
Empty Wooden Coat Full Metal Jacket
35%
Nurse NormalHatred Dr Strangelove
31%
Sunshine Woman Rain Man
29%
Front Door Rear Window
20%
Blood Sisters Step Brothers
4%
The Consumer The Founder
0%
No matching quizzes found
Score Distribution
Percent of People with Each Score
Percentile by Number Answered
Your Score History
You have not taken this quiz